İçimizdeki şiddet: (Record no. 12712)

MARC details
000 -BAŞLIK
Sabit Uzunlukta Kontrol Alanı 01014nam a22002657a 4500
999 ## - SİSTEM KONTROL NUMARALARI (KOHA)
Koha Biblionumber 12712
Koha Biblioitemnumber 12712
003 - KONTROL NUMARASI IDENTIFIER
Denetim Alanı MIRAKIL
005 - SON İŞLEM TARİHİ VE ZAMANI
Denetim Alanı 20190207175600.0
008 - SABİT-BOY VERİ ELEMANLARI - GENEL BİLGİLER
Sabit Uzunlukta Kontrol Alanı 190207b tu ||||| |||| 00| 0 tur d
020 ## - ULUSLARARASI STANDART KİTAP NUMARASI
Uluslararası Standart Kitap Numarası 9786053994718
040 ## - KATALOGLAMA KAYNAK
Orijinal Kataloglama Ajansı TR-AnCHP
Metne Dönüştürmek Ajansı TR-AnCHP
041 ## - DİL KODU
Metin / Ses Parça Veya Ayrı Başlığın Dil Kodu tur
082 ## - DEWEY ONLU SINIFLANDIRMA NUMARASI
Sınıflandırma Numarası 155.232
Ürün Numarası İ15 2016
245 10 - BAŞLIK TABLOSU
Başlık İçimizdeki şiddet:
Başlığın Kalan ruhsaldan toplumsala şiddet görüngüleri /
Sorumluluk Tablosu, Vb Derleyen Fulya Algın Tokmak
246 ## - UNVAN FORM VARYING
Başlık Doğru / Kısa Başlığı ruhsaldan toplumsala şiddet görüngüleri
260 ## - YAYIN, DAĞITIM, VB
Yayın, Dağıtım, Vb Yeri İstanbul:
Yayıncı, Dağıtıcı, Vs Adı İstanbul Bilgi Üniversitesi Yayınları,
Yayın, Dağıtım, Vb Tarihi 2016.
300 ## - FİZİKSEL TANIM
Kapsam 281 s.:
Diğer Fiziksel Ayrıntıları res.,
Boyutlar 23 sm.
490 0# - SERİSİ TABLOSU
Seri Beyanı İstanbul Bilgi Üniversitesi Yayınları ;
-- Psike İstanbul Psikanaliz Kitaplığı ;
Hacim / Ardışık Tanımı 576.
-- konferanslar: 9
504 ## - KAYNAKÇA VB NOT
Kaynakça Vb Notu Kaynakça ve dizin vardır.
504 ## - KAYNAKÇA VB NOT
Kaynakça Vb Notu Kaynakça bölüm sonlarındadır.
650 #0 - KONU KATMA GİRİŞ - TOPİKAL DÖNEM
9 (RLIN) 5150
Topikal Süreli Veya Coğrafi Ad Giriş Elemanı Saldırganlık (psikoloji)
650 #0 - KONU KATMA GİRİŞ - TOPİKAL DÖNEM
9 (RLIN) 836
Topikal Süreli Veya Coğrafi Ad Giriş Elemanı Şiddet
Genel Alt Bölümü Türkiye
700 ## - KATMA GİRİŞ - KİŞİSEL İSİM
9 (RLIN) 5151
Kişisel Ad Tokmak, Fulya Algın
Relator Terim der.
740 ## - KATMA GİRİŞ - KONTROLSUZ İLGİLİ / ANALİTİK BAŞLIK
Kontrol Edilmeyen / İlgili Analitik Başlıktaki ruhsaldan toplumsala şiddet görüngüleri
942 ## - EKLENDİ GİRİŞ ELEMANLARI (KOHA)
Sınıflandırma Veya Raf Düzeni Kaynak Dewey Decimal Classification
Koha Öğesi Türü Books
Holdings
Kalıcı Konum Mevcut Konum Edinme Tarihi Edinim Kaynak Toplam Check-Out'Lar Tam Çağrı Numarası Barkod Tarih Son Görülme İtibaren Geçerli Fiyatlar Sigara Kamu Notu Koha Öğesi Türü
CHP Kütüphanesi CHP Kütüphanesi 02/07/2019 Bağış   155.232 İ15 2016 018821 02/07/2019 02/07/2019 Kemal Kılıçdaroğlu bağışıdır. Books